| 000 | 01700nam a2200457Ii 4500 | ||
|---|---|---|---|
| 001 | DIGIURE0028 | ||
| 003 | NyNyDIG | ||
| 006 | m o d | ||
| 007 | cr ||||||||||| | ||
| 008 | 230315s2017 mx ob 001 0 spa d | ||
| 035 | _a(OCoLC)1054059254 | ||
| 040 |
_aDGITA _beng _erda _epn _cDGITA |
||
| 020 |
_a9786076160855 _qlibro electrónico |
||
| 020 |
_z9786077792321 _qlibro impreso |
||
| 043 | _an-mx--- | ||
| 050 | 1 | 4 | _aKGF5875 ebook |
| 082 | 0 | 4 | _a345.82072 |
| 100 | 1 |
_aLópez Betancourt, Eduardo, _eauthor. |
|
| 245 | 1 | 0 |
_aJuicios orales en materia penal / _cEduardo López Betancourt. |
| 264 | 1 |
_aCiudad de México : _bIURE editores, _c[2017] |
|
| 300 | _a1 online resource. | ||
| 336 |
_atext _btxt _2rdacontent |
||
| 337 |
_acomputer _bc _2rdamedia |
||
| 338 |
_aonline resource _bcr _2rdacarrier |
||
| 347 |
_atext file _2rdaft |
||
| 347 | _bPDF | ||
| 490 | 1 | _aColección textos jurídicos | |
| 504 | _aIncludes bibliographical references and index. | ||
| 588 | 0 | _aOnline resource; title from PDF title page (Digitalia, viewed March 15, 2023) | |
| 650 | 0 |
_aOral pleading _zMexico. |
|
| 650 | 0 |
_aCriminal law _zMexico. |
|
| 650 | 0 |
_aJudgments _zMexico. |
|
| 650 | 0 |
_aJustice _xAdministration _zMexico. |
|
| 791 | 2 |
_aDigitalia (Firm), _edistributor. |
|
| 793 | 0 |
_gDigitalia eBook Collection: _aIURE Editores |
|
| 776 | 0 | 8 |
_iPrint version: _aLópez Betancourt, Eduardo. _tJuicios orales en materia penal. _dCiudad de México : IURE editores, [2011] _z9786077792321 |
| 830 | 0 | _aColección textos jurídicos (Mexico City, Mexico) | |
| 856 | 4 | 0 |
_3Digitalia Hispánica _uhttps://www.digitaliapublishing.com/a/47218/ |
| 910 | _aPremium collection: 2023 | ||
| 942 | _cRAA | ||
| 999 |
_c250094 _d250094 |
||